00343nam a2200121Ia 4500008004100000041000800041082001700049100001600066245006200082260004800144300002400192365000500216240624s9999 xx 000 0 und d aeng a658.408 SIS  aSISODIA RAJ aFIRMS OF ENDEARMENT HOW WORLD CLASS COMPANIES PROFIT FROM c2007aNew JerseybWharton School Publishing axxx, 284 p.; 23 cm. c